[Event "Candidates FIDE m1"]
[Site "Wijk aan Zee"]
[Date "1994.??.??"]
[Round "6"]
[White "Gelfand, Boris"]
[Black "Adams, Michael"]
[Result "1-0"]
[WhiteElo "2685"]
[BlackElo "2660"]
[Annotator "Gelfand,B"]
[PlyCount "103"]
[EventDate "1994.01.16"]
[EventType "match"]
[EventRounds "8"]
[EventCountry "NED"]
[SourceTitle "CBM 039"]
[Source "ChessBase"]
[SourceDate "1994.04.01"]
[SourceVersion "1"]
[SourceVersionDate "1994.04.01"]
[SourceQuality "1"]

1. d4 {Wolff Hansen,LB Belov} d6 2. e4 Nf6 3. f3 d5 {!? Belov} (3... e5 {
Belov Hansen,LB} 4. dxe5 (4. d5 Be7 (4... c6 5. c4 Qb6 6. Nc3 Be7 7. Nge2 O-O
8. Ng3 cxd5 9. Na4 $1 Qc7 10. cxd5 Bd7 11. Be3 Rc8 12. Nc3 Na6 $14 {Kasparov,
G-Wahls,M/Baden-Baden/1992/1:0 (37) Inf 54/108/}) 5. Be3 Nh5 6. c4 Bg5 7. Bf2
g6 8. g3 Bh6 $5 9. Nc3 O-O $6 (9... f5 $5 10. exf5 gxf5 11. f4 Nf6 12. fxe5
dxe5 13. h3 $13) 10. g4 $1 Nf4 11. h4 $16 {Serebrjanik,A-Oratovsky,M/ISR/1993/
Inf 58/135/}) 4... dxe5 5. Qxd8+ Kxd8 6. Bc4 Ke8 (6... Be6 7. Bxe6 fxe6 8. Nh3
(8. Be3 Bd6 9. Ne2 Ke7 10. Nd2 a6 11. a4 Nc6 12. c3 Nd7 13. Nc1 $1 $14 {
Hertneck,G-Lutz,Ch/Munchen/1993/0,5 (44) Inf 58/135/}) 8... Bc5 9. Nf2 Bxf2+
10. Kxf2 Nc6 11. Be3 Ke7 12. Na3 a6 13. c3 Rhd8 14. Ke2 $14 {Yusupov,
A-Christiansen,L/Las Palmas/1993/1:0 (47) Inf 58/136/}) 7. Be3 Nbd7 8. Nd2 Bc5
9. Bg5 h6 10. Bh4 Be7 (10... Nh5 $1 11. Ne2 Nf4 $10 {Kramnik/}) 11. Bf2 Bc5 12.
Nh3 {Kramnik,V-Speelman,J/Biel(izt)/1993/1:0 (54) Inf 58/137/} Bb6 $1 {/\Nc5=
Kramnik/}) (3... g6 {Belov} 4. Be3 (4. c4 Bg7 5. Be3 O-O 6. Qd2 c5 7. d5 e6 8.
Ne2 exd5 9. cxd5 Nbd7 10. Ng3 h5 11. Be2 h4 12. Nf1 Nh5 13. g4 Nhf6 14. Bg5 b5
$13 {Arkhipov,S-Zakharevich,I/Azov/1993/ 0,5 (15)/}) 4... Bg7 5. Ne2 O-O 6. Qd2
e5 7. Nbc3 exd4 8. Nxd4 d5 9. O-O-O dxe4 10. Bh6 Nc6 11. Bxg7 Kxg7 12. Nxc6
Qxd2+ 13. Rxd2 bxc6 14. Nxe4 Nxe4 15. fxe4 $14 {Arkhipov,S-Berelovich,A/Sochi/
1993/1:0 (63)/}) (3... g6 {Hansen,LB}) 4. e5 (4. Nc3 {Belov} dxe4 5. fxe4 e5 6.
dxe5 Qxd1+ 7. Nxd1 Ng4 8. Nf3 Nc6 $10) 4... Nfd7 (4... Ng8 $5 {Hansen,LB} 5. c3
(5. c4 dxc4 6. Bxc4 e6 7. f4 Ne7 8. Nf3 Nbc6 9. Nc3 {0,5-0,5;Psakhis,L-Beim,V/
Herzliya/1993/}) 5... c5 6. f4 cxd4 7. cxd4 Nc6 8. Nc3 Nh6 $1 9. Be2 Nf5 10.
Nf3 e6 11. a3 Bd7 $13 {Gofshtein,L-Beim,V/Tel Aviv/1992/}) 5. f4 (5. c4 {
Hansen,LB} dxc4 6. Bxc4 e6 7. f4 c5 8. Nf3 cxd4 9. O-O Nc6 $13 {Hansen,
LB-Adams,M/Wijk op/1993/}) (5. Bd3 {Hansen,LB} c5 6. c3 Nc6 7. Ne2 e6 8. O-O
cxd4 9. cxd4 Qb6 10. Kh1 $6 Nxd4 11. Nxd4 Qxd4 12. Nc3 a6 $15 {Boissonet,
C-Adams,M/Buenos Aires/1991/}) 5... c5 (5... e6) 6. Nf3 Nc6 7. Be3 $1 $146 (7.
c4) (7. c3 $5 {Belov} e6 8. Be3 (8. Bd3 {Hansen,LB} Qb6 9. Bc2 g6 10. O-O a5
11. Kh1 Be7 12. a4 cxd4 13. cxd4 Nb4 14. Bb3 Nb8 15. Nc3 N8c6 16. Be3 $14 {
Oll,L-Ehlvest,J/Pamplona/1991/}) 8... Qb6 9. Qd2 $14) 7... cxd4 (7... Qb6 $5 8.
Nc3 e6 {C11}) (7... e6 {Belov} 8. Nc3) 8. Nxd4 Nxd4 (8... e6 9. Nc3 {C11} (9.
c3 $5)) 9. Bxd4 Nb8 $5 10. Nc3 Nc6 11. Bb5 {!? Belov} (11. Bf2 $5 e6 12. Bd3
$14) 11... e6 (11... Bf5 {Wolff} 12. g4 $1) 12. a3 $5 (12. Qd2 Qa5 13. a3 Bd7
14. Bxc6 bxc6 15. O-O c5 16. b4 Qc7 $1 (16... cxb4 17. axb4 Qxb4 18. Rfb1 $18)
17. bxc5 Bxc5 18. Rf3 $13) (12. O-O Bd7 13. f5 Qh4 $5 $13) 12... Bd7 (12... Be7
13. Qd2 O-O 14. Bxc6 bxc6 15. Na4 $16 {x Bc8}) 13. Bxc6 {! Hansen,LB} (13. Bf2
$5 {Belov} a6 14. Bd3 g6 15. O-O $16) 13... Bxc6 $2 (13... bxc6 $1 14. Na4 Qa5+
15. c3 c5 16. Nxc5 Bxc5 17. b4 Bxd4 $3 (17... Bxb4 18. axb4 $16) 18. bxa5 Bxc3+
19. Kf2 O-O (19... Bxa1 20. Qxa1 $16) (19... Bxa5 $44 {Hansen,LB}) 20. Rc1 Bxa5
{/\ f6~/=}) 14. O-O {/\ f5} g6 15. Qd2 $16 Qc7 16. Rf3 b6 17. Nd1 $1 h5 (17...
Bc5 18. Rc3 Bxd4+ 19. Qxd4 $16) 18. a4 $1 {xb6} Bc5 {?! Belov} (18... a5 19.
Qf2) (18... Qd7 $5 {Belov} 19. a5 bxa5 (19... Rb8 20. axb6 axb6 21. Rb3 $16)
20. Rxa5 a6 $16) (18... Qb7 $6 {Belov} 19. Rb3 Rc8 20. Qf2 $5 $16) 19. Rc3 Be7
(19... Bxd4+ {Belov} 20. Qxd4 Qd7 21. a5 $16) 20. b4 $1 Qb7 (20... Bxb4 21.
Rxc6 Qxc6 22. Qxb4 $18) (20... Qd7 {Belov} 21. b5 Bb7 22. Rb3 {/\a5+/-/}) 21.
Rb3 Bd7 (21... a6 $5 {Belov} 22. Qf2 Bd8) 22. Ne3 Rc8 (22... a6 23. f5 $1) 23.
a5 $6 (23. f5 $5 Bg5 (23... gxf5 24. Nxf5 $1 exf5 25. e6 Rg8 26. exd7+ Qxd7 27.
Rf1 $18) 24. fxg6 (24. f6 $5) 24... fxg6 25. Qd3 Kf7 $16) (23. Qd3 $5) 23...
Bb5 $1 (23... b5 24. f5 $1 $18 (24. Nd1 {Hansen,LB /\ Nf2-d3,Bc5+/-})) (23...
bxa5 {Belov} 24. bxa5 (24. Rxa5 {Hansen,LB} a6 25. Nxd5 $1 exd5 26. e6 O-O 27.
exd7 Qxd7 28. Rxa6 $16) 24... Qc7 25. Rab1 $16) 24. axb6 a6 $1 (24... axb6 25.
Rba3 $18) 25. Rc3 Kd7 $2 {?! Hansen,LB} (25... Rxc3 $1 26. Qxc3 Kd7 (26... O-O
27. g4 $1 $40) 27. Bc5 (27. Qd2 Rc8 28. c4 $140 dxc4 $132) 27... Rc8 (27... Rb8
28. Qd4 Bd8 29. c4 Bc6 30. b5 $18) 28. Qd4 Rxc5 $3 (28... Ke8 29. g4 $1 (29. c4
dxc4 30. Nxc4 Bxc4 31. Qxc4 Qxb6 $10) 29... Bd8 (29... h4 30. f5) 30. gxh5 gxh5
31. Kf2 $18) 29. bxc5 Qc6 30. Kh1 (30. b7 Kc7 $1 (30... Bxc5 $2 31. b8=N+)) (
30. c4 Bxc4 31. b7 Kc7 32. Qb2 Bb5) 30... Bxc5 31. Qd2 Qxb6 $14) (25... O-O {
Belov} 26. Bc5 Rfe8 27. Qd4 $18) 26. Rc5 $1 {/\ c4} Rxc5 (26... Bxc5 27. Bxc5
$18 (27. bxc5 $5)) 27. bxc5 (27. Bxc5 $1 $18 {!? Hansen,LB}) 27... Rc8 28. c4
dxc4 (28... Bxc4 {Hansen,LB} 29. Nxc4 dxc4 30. Bf2+ Ke8 31. Qb4 $18 {>< a6,c4})
29. Rc1 Ke8 30. Nxc4 Qd5 (30... Bxc5 $6 {Belov} 31. Bxc5 Rxc5 32. Nd6+ $18) 31.
Na5 (31. Nd6+ Bxd6 32. exd6 Bc6 $16) 31... Bc6 (31... Bxc5 32. Rxc5 Rxc5 33. b7
$18) (31... Rxc5 $5 32. Rd1 $1 (32. b7 Rxc1+ 33. Qxc1 Qxd4+ 34. Kh1 Qb6 $3 (
34... Qd8 {Belov} 35. Qc8 $18) (34... Qa7 35. Qc8+ Bd8 36. b8=Q $18) 35. Qc8+
Bd8 36. b8=Q Qxa5 $44) 32... Rc8 (32... Ba4 $5 33. b7 Rb5 34. Rc1 Bb4 35. Qf2 (
35. Qb2 Kd7 36. Nc6 Bd6 $140 37. b8=N+ $1 Ke8 38. exd6 $1 $18) 35... Bxa5 36.
Rc8+ Kd7 37. b8=Q Rxb8 38. Rxb8 $16) 33. b7 Rd8 34. Kh1 Bc6 (34... Ba4 35. Bb6
$1) 35. Nxc6 (35. Bb6 $4 Qxg2+ 36. Qxg2 Rxd1+ 37. Bg1 Bxg2+ 38. Kxg2 Rb1 39.
Ba7 Bd8 $1 $19) 35... Qxc6 36. Rb1 Rb8 37. Qb2 $18) 32. Be3 Qe4 33. Nxc6 Qxc6
34. h3 $6 (34. Qe2 $142 {/\ Qf3+-}) 34... Qb5 35. Qc2 Qc6 36. Kh2 (36. Qe2 $1)
36... a5 37. Ra1 (37. Qe2 $1) 37... Ra8 (37... Qxb6 {Hansen,LB} 38. cxb6 Rxc2
39. Rxa5 Rb2 40. Ra7 $18 {/\b7}) 38. Ra4 h4 39. Qa2 Qb5 40. Qc4 Qc6 41. Qa2 Qb5
42. c6 $1 Qxc6 43. Rxa5 Rb8 44. Ra7 Qe4 (44... Bd8 45. Qa3 $1 {/^a3-f8}) 45.
Qb3 Kf8 46. Rd7 {/\ b7} g5 {!? Hansen,LB} 47. Rd4 $1 Qf5 (47... Qb7 48. Rc4 (
48. Ra4 {Belov} gxf4 49. Rxf4 Bg5 50. Bc5+ Kg7 51. Ra4 $18) 48... gxf4 49. Rxf4
$18) 48. Rc4 $1 Rb7 (48... gxf4 49. Bxf4 $18) 49. Rc8+ Kg7 50. Rc7 gxf4 51. Bd4
$1 Qe4 52. Qf3 (52. Qf3 Qxd4 53. Rxb7 (53. Qxb7 $6 Qxe5 $1) 53... Bc5 54. Qg4+)
1-0

[Event "Tilburg Fontys"]
[Site "Tilburg"]
[Date "1996.10.12"]
[Round "2"]
[White "Gelfand, Boris"]
[Black "Adams, Michael"]
[Result "1-0"]
[WhiteElo "2665"]
[BlackElo "2685"]
[Annotator "Gelfand,B"]
[PlyCount "75"]
[EventDate "1996.10.11"]
[EventType "tourn"]
[EventRounds "11"]
[EventCountry "NED"]
[EventCategory "16"]
[SourceTitle "CBM 056"]
[Source "ChessBase"]
[SourceDate "1997.02.01"]
[SourceVersion "1"]
[SourceVersionDate "1997.02.01"]
[SourceQuality "1"]

1. d4 {Hecht Stohl Huzman} d6 2. e4 Nf6 3. f3 e5 4. d5 Be7 5. Be3 O-O 6. Bd3 c6
(6... Nh5 $5 {is another strategical plan,where Black are trying to exchange
Black-coloured Bishop and get counterplay on the King's flank. In this case
the game would develop similarly to King's Indian} 7. Ne2 {Stohl} Bg5 8. Qd2
Bxe3 9. Qxe3 f5 10. exf5 Bxf5 11. Bxf5 Rxf5 12. Nbc3 Nd7 13. O-O Nf4 14. Nxf4
Rxf4 15. Rae1 Nf6 16. b3 Qd7 17. Rd1 Rf8 $10 {Michenka,J-Velicka,P/CS-chT/1992/
}) 7. c4 b5 {Black has to try to destroy White`s centre immidiately, otherwise,
if White develops his pieces, it will be too late.} 8. Nc3 {Stohl: Accepting
the sacrifice is maybe also possible, but Gelfand wisely goes for a clear-cut
strategic solution, which gives him a comfortable edge.} (8. Ne2 bxc4 9. Bxc4 {
should give Black extra possibilities} cxd5 (9... Bb7 10. Nbc3 {transports to
the game} (10. dxc6 Nxc6 11. Nbc3 Na5)) 10. Bxd5 Nxd5 11. Qxd5 Qd7 $1 12. Qxa8
(12. Nbc3 Bb7 13. Qd2 Na6 14. O-O Nc7) 12... Nc6 13. Nbc3 Ba6 14. Qxf8+ Bxf8
15. O-O-O $5 (15. O-O Nd4 16. Nxd4 exd4 17. Bxd4 Bxf1 18. Rxf1 $13) 15... Nb4
16. Rd2 Qc6 17. Kb1 (17. a3 Bxe2 18. axb4 Bc4 19. Rhd1 Bb3 (19... a6 $5) 20. b5
) 17... Bd3+ 18. Rxd3 (18. Ka1 Nc2+ 19. Rxc2 Bxc2 20. Rc1 Bd3 21. Nd5 $44)
18... Nxd3 19. Rd1 Qa6 20. Rd2 $44 {White definitely has enough compensation,
but I am not sure if he can try to play for a win}) (8. cxb5 $5 {Stohl} cxd5 9.
exd5 Bb7 (9... Nxd5 $2 10. Bxh7+ Kxh7 11. Qxd5 $18) 10. Nc3 Nbd7 {[%csl Gd6,
Ge5,Rd5] ><d5,[+]} (10... Nxd5 11. Nxd5 Bxd5 12. Bxh7+ Kxh7 13. Qxd5 Nd7 14.
Ne2 Nf6 15. Qd3+ Kg8 16. O-O $14) 11. Nge2 Nb6 12. Be4 $1 $14) 8... bxc4 (8...
b4 $5 9. Nce2 (9. Na4 c5 10. a3 Na6 $132 (10... a5 $5) 11. axb4 Nxb4 12. Ne2
Nh5 13. Bb1 g6) 9... a5 (9... Nh5 10. g4) (9... cxd5 {Stohl} 10. cxd5 $14) (
9... c5 10. a3 $14) 10. Ng3 Na6 $13) (8... cxd5 {Stohl} 9. cxd5 b4 10. Na4 $16
{[%csl Ra5,Ra6,Rb4,Rb5,Rb6,Rc5,Rc6] ׫}) 9. Bxc4 Bb7 {Stohl: Here the B
accomplishes nothing and if Black doesn't force any concessions in the center,
he will be forced to blockade with c5 anyway. Therefore it was better to spare
tempi and lave the B on c8.} (9... c5 $142 {Stohl} 10. Nge2 Ne8 11. Qd2 g6 $14)
10. Qb3 $1 {The first key moment of the game.White has to keep full control on
d5 square, otherwise he cannot count on any advantage. For example} (10. Nge2
Nbd7 11. dxc6 Bxc6 12. Qd2 (12. Nd5 Nxd5 13. Bxd5 Bxd5 14. Qxd5 Nf6 $10) (12.
Qd3 Nb6 13. Bb5 Bxb5 (13... Qd7 $5) 14. Qxb5 d5 15. Bxb6 axb6) 12... Nb6 13.
Bb3 a5 $132 14. a3 d5 15. Bxb6 Qxb6 16. Bxd5 Nxd5 17. exd5 Bd7 $13 (17... Rfd8
$5)) 10... Qc7 11. Nge2 (11. Rc1 {would give Black extra possibilities} Nbd7 (
11... cxd5 12. Nxd5 Nxd5 13. Bxd5 Qa5+ 14. Bd2 Bxd5 15. exd5 (15. Qxd5 Qxd5 16.
exd5 Nd7 (16... Na6) 17. Rc7 Rfd8 18. Ne2 Kf8) 15... Qa6 16. Ne2 Rc8 (16... Nd7
17. Rc6 Nb6 18. Kf2) 17. Rxc8+ Qxc8 18. Kf2 $13) 12. Nge2 {-11.Nge2} (12. dxc6
Bxc6 13. Nb5 Qa5+ (13... Qb7) 14. Bd2 Qb6)) 11... Nbd7 (11... cxd5 {Stohl} 12.
Nxd5 Nxd5 13. Bxd5 Qa5+ 14. Nc3 Bxd5 15. Qxd5 $18 {[%csl Ga2,Gb2,Rd5,Rd6,Re7]
Stohl: The Q-side majority and weak d6 and white squares are a key
factor-White has a strategically won endgame.}) (11... c5 $5 {Stohl} 12. O-O
$16) 12. Rc1 $1 {This is a key move in White's strategy.I can add that each
player spent more than 1 hour till now} Rfb8 $5 {Black is forcing matters, as
he doesn't want to play a passive position after} (12... c5 13. Nb5 (13. O-O
$16 {Stohl}) 13... Qb8 14. Nec3 Nb6 15. Be2 $14) 13. dxc6 {Stohl: Now White
himself resolves the central tension to his favour.} Bxc6 14. Bxf7+ Kf8 (14...
Kh8 {Stohl} 15. Qc2 $18) 15. Qc4 Rxb2 {during the game I was more worried about
} (15... Nb6 $5 16. Bxb6 (16. Nb5 Nxc4 17. Nxc7 Nxe3 18. Rxc6 Kxf7 19. Nxa8
Rxb2 (19... Nxg2+ 20. Kf2 Nf4 $44) 20. Kf2 Nc2 21. Rc7 d5) 16... Qxb6 17. Be6
Bb7 $5 18. Na4 $1 (18. b4 d5 $1 (18... Ba6 19. b5 Bxb5 20. Nxb5 Qxb5 21. Qxb5
Rxb5 22. O-O Bd8 $10) 19. Bxd5 (19. exd5 Bxb4 $44) 19... Nxd5 20. Nxd5 Bxd5 21.
exd5 Bxb4+ 22. Kf1 Qe3 $44 (22... a5 $5)) (18. Qb3 Qe3 (18... Qa5 19. Qb5 Qd8
$44) 19. Na4 Qg5 20. O-O Bxe4 {However after}) 18... Qa5+ (18... Qe3 19. Rc3
Qg5 20. O-O) 19. Kf2 (19. Nec3 Ba6) 19... Ba6 (19... d5 20. exd5 Nxd5 21. Nc5)
(19... Bxe4 20. fxe4 Rb4 21. Qc6 Nxe4+ 22. Kg1 Rd8 23. Nac3 $18) 20. Qc2 Rb4
21. b3 $143 $44 {Black doesn't have sufficient compensation for a pawn}) 16.
Bd5 Nc5 (16... Rc8 17. Qxc6 (17. Bxc6 {Stohl} Qxc6 18. Qd3 $5 $40) 17... Qxc6
18. Bxc6 Rxc6 19. Bxa7 $14) 17. O-O {I wanted to play for an attack and
decided not to simplify position} (17. Bxc6 Qxc6 (17... Rb4 $2 18. Nd5 $18) 18.
O-O Rab8 {/\Rb4-+} 19. a3 (19. Rb1 Rxb1 20. Rxb1 Rxb1+ 21. Nxb1 d5 $10) 19...
a5 (19... R8b6 $5) 20. f4 Qa6 21. Qxa6 Nxa6 22. Ng3 $40 Ng4 $140 23. fxe5+ Kg8
24. Nd5 (24. Nf5)) 17... Rab8 (17... Nxd5 {Stohl} 18. Nxd5 Bxd5 19. Qxd5 Rab8
20. f4 $1 (20. Nc3 $16) 20... Rxe2 21. fxe5+ Ke8 22. exd6 Qxd6 23. Qf7+ {
[%cal Re3c5] /\Bc5+-}) 18. a3 {with idea f4} Bxd5 (18... Nxd5 {Stohl} 19. Nxd5
Bxd5 20. exd5 {-18...Nd5}) (18... Be8 {Stohl} 19. Ng3 $40) 19. Nxd5 $1 {
Black s knight is main defencive piece,so it is useful to exchange it} (19.
exd5 Ne6) 19... Nxd5 20. exd5 Qa5 (20... R8b3 $5 21. Nc3 {Maybe Black had to
play more concrete} (21. Rc3 Rxc3 22. Nxc3 Ne6) 21... Rxa3 22. f4 e4 23. Bd4
$44) (20... Kg8 {Stohl} 21. Nc3 $16 {[%cal Rc3e4,Re3c5] /\Ne4,Bc5 Stohl: Now
White exploits the exposed poition of Black's K.}) 21. f4 {עf8} e4 (21... exf4
{Stohl} 22. Qxf4+ Ke8 (22... Bf6 23. Qxd6+) 23. Nd4 $18) 22. Bd4 (22. Nd4 $6 {
Stohl} Qxa3 $132 {loses a valuable tempo.}) 22... R2b3 $2 {This is big mistake,
which let White to put their pieces very comfortably for forthcoming attack.
Meanwhile Black had very interesting idea in their disposal,shown by A.Huzman}
(22... Bf6 $5 23. Bxb2 (23. Bxf6 gxf6 {with idea Qd2}) 23... Rxb2 24. Rc2 Qxa3
{with good compensation for an exchange}) 23. Ng3 Rxa3 (23... Qb5 {was much
more stubborn} 24. Nf5 (24. Bxc5 {Stohl} Qxc4 (24... dxc5 25. Qxe4 $40) 25.
Rxc4 dxc5 26. Nxe4 Rxa3 27. d6 Bd8 $1 $14) (24. Qc2 Qd3 $132) 24... g6 (24...
Qxc4 25. Bxg7+ Kf7 26. Rxc4) 25. Nxe7 Kxe7 (25... Qxc4 26. Nxg6+ hxg6 27. Rxc4
$16) 26. Qc2 (26. Bxc5 Qxc5+ 27. Qxc5 dxc5 28. Rxc5 Rxa3 $10) 26... Nd3 $1 (
26... Qd3 27. Qf2) 27. Qc7+ (27. Rce1 Qxd5 28. Qc7+ Ke8 $17) 27... Qd7 28. f5
$1 {The only move} (28. Bf6+ Ke8 29. Rc4 Qxc7 30. Rxc7 R8b7 31. Rc4 Kf7 $132)
28... gxf5 29. Rxf5 Qxc7 30. Rxc7+ Kd8 31. Rxh7 $16 {it looks like White has
good winning chances}) (23... Nd3 24. Rc2) 24. Nf5 (24. Qe2 Nb3 25. Rb1 Rb5 26.
Bxg7+ Kxg7 27. Qg4+ (27. Nf5+ Kf8 28. Qxe4 $13) 27... Kh8 28. Qd7 Bf8 29. Qe8
Qb6+ 30. Kh1 Qb8) 24... g6 (24... Bf6 25. Bxf6 gxf6 26. Qe2 $18 (26. Nxd6 $5))
(24... Qb5 $5 {Stohl} 25. Bxg7+ Kf7 26. Bd4 (26. Qc2 Qd3) 26... Qxc4 27. Rxc4
$16) 25. Nxe7 Kxe7 (25... Rb4 {Stohl} 26. Qe2 Rxd4 (26... Kxe7 27. Bxc5 dxc5
28. Rcd1 Kd6 29. Qg4 $40) 27. Nc6 Qd2 28. Nxd4 Qxd4+ 29. Kh1 Qxd5 30. f5 $1
gxf5 31. Qh5 $18) 26. Qe2 {Despite having an extra pawn, Black is lost, as
there is nobody to protect his King} Qa4 {Stohl: Black to his own misfortune
ignores the Qb5 possibility a couple of times and now succumbs to a strong
attack.} (26... Ra2 27. Rxc5 $1 dxc5 28. Qxe4+ Kf8 29. f5 g5 30. f6 $18 Qc7 31.
d6 Qxd6 32. Be5 Qe6 33. Qxh7) (26... Kf7 {Stohl} 27. f5 $18) (26... Qb5 {Stohl}
27. Qg4 Qd7 28. f5 $5 (28. Qh4+ Ke8 29. Rce1 Qe7 30. Bf6 $36) 28... Kd8 29.
Bxc5 dxc5 30. Qxe4 Qe7 31. Qe6 $1 $40) 27. Bxc5 $2 {A blunder,which could let
Black to escape.} (27. Rc4 Ra2 $1 28. Rxa4 Rxe2 29. Rxa7+ Nd7 $14 {/=}) (27.
Rcd1 Ra2 28. Qg4 $18) 27... dxc5 28. Rcd1 (28. Rc4 Re3 $1 (28... Rb4 29. Qxe4+
Kf8 30. f5 $18) 29. Qxe3 Qxc4 30. Rd1 $44) 28... Kd8 $2 {Black misses his
chance to save the game. White himself has to force a draw after} (28... Ra2 $1
29. d6+ Kf8 30. Qg4 e3 $1 (30... Rbb2 31. d7 $18) 31. Qe6 (31. d7 Rd2 32. Qe6
Qd4) 31... e2 32. Qe7+ Kg8 33. Qe6+ $10) (28... Qd7 {Stohl} 29. d6+ Kd8 30.
Qxe4 $40) (28... Kd6 {Stohl} 29. Qg4 Qd7 30. f5 gxf5 31. Qf4+ $18) (28... Kf8 {
Stohl} 29. f5 $40) 29. d6 $16 {/\Qg4-h4} Rb7 (29... Ra2 30. Qg4 Rbb2 {was
better chance,but it is still not enough} 31. Qg5+ (31. Qh4+ Kd7 32. Qh3+ (32.
Qxh7+ Kc6 33. Qc7+ (33. Kh1 $5) 33... Kb5 34. Qb7+ Ka5 35. Qxa7+ Kb4 36. Qb6+
Qb5 37. Qxb5+ Kxb5 38. Rb1 Kc6 39. Rxb2 Rxb2 40. Rd1 Kd7) 32... Kd8 (32... Kc6
33. d7 Qc2 34. Kh1 Qxg2+ 35. Qxg2 Rxg2 36. Rd6+ $18) 33. Qh4+ $10) 31... Kd7
32. Qe7+ Kc6 33. Kh1 $1 Rxg2 (33... Qc2 34. Rg1) 34. Qe8+ Kb6 35. Rb1+ $18) (
29... Rd3 $2 {Stohl} 30. Rxd3 exd3 31. Qe7+) 30. f5 Rd3 31. Rxd3 exd3 {[#]_|_
Hecht Mattangriff i.V. mit o^} 32. Qf3 $18 {Now everything is over. The last
moves were made only because both opponents had little time left} Qd4+ (32...
Kc8 33. fxg6 hxg6 34. Qf8+ Kd7 35. Rf7+ Ke6 36. Rxb7) (32... Rf7 {Stohl} 33.
Qa8+ Kd7 34. Qb7+ Ke8 35. Qc8#) (32... Qd7 {Stohl} 33. fxg6 (33. Qxd3 {Hecht}
gxf5 34. Rxf5 $18) 33... hxg6 34. Qd5 Qg7 35. Qxc5 d2 36. Qg5+ $18 (36. Qd5 $5
$18)) 33. Kh1 Rb8 34. fxg6 Qxd6 (34... hxg6 {Stohl} 35. Qf8+ Kd7 36. Qe7+ Kc6
37. Qc7+ Kd5 38. Qxb8 $18) 35. g7 Qg6 (35... Kd7 {Stohl} 36. Qf7+ $18) 36. Qf8+
Kc7 37. Qxc5+ Kd7 (37... Kb7 {Stohl} 38. Rb1+) 38. Qxa7+ 1-0

[Event "Interzonal-16"]
[Site "Biel"]
[Date "1993.??.??"]
[Round "1"]
[White "Lobron, Eric"]
[Black "Gelfand, Boris"]
[Result "1/2-1/2"]
[WhiteElo "2575"]
[BlackElo "2670"]
[Annotator "Gelfand,B"]
[PlyCount "60"]
[EventDate "1993.07.16"]
[EventType "swiss"]
[EventRounds "13"]
[EventCountry "SUI"]
[SourceTitle "CBM 037"]
[Source "ChessBase"]
[SourceDate "1993.12.01"]
[SourceVersion "1"]
[SourceVersionDate "1993.12.01"]
[SourceQuality "1"]

1. Nf3 Nf6 2. d4 g6 3. g3 Bg7 4. Bg2 O-O 5. O-O d6 6. Nc3 Nbd7 7. a4 a5 8. e4
e5 9. Re1 c6 10. h3 Re8 11. Be3 exd4 12. Bxd4 $1 (12. Nxd4 $6 Nc5 $1 13. Bf4
Nh5 $132) 12... Rb8 $5 $146 (12... Nf8 13. Kh2 Ne6 14. Be3 Bf8 15. Re2 {
Panno-Kavalek/Manila/1984/}) 13. Re2 (13. e5 $5 dxe5 14. Nxe5 Nf8 $140 $5 15.
Ba7 Ra8 16. Qxd8 Rxd8 17. Bb6 Rd2 18. Rac1 Be6 (18... Bf5 19. g4 $1) 19. Nd3
Bh6 20. f4 $16) 13... Qc7 (13... b5 $2 14. axb5 cxb5 15. e5 $16) 14. Qe1 Ne5 (
14... b5 $6 15. axb5 cxb5 16. e5 $1 dxe5 17. Nxe5 b4 18. Nc6 Rxe2 19. Nxe2 $16)
15. Nd2 (15. Nh2 $5 b5 16. axb5 (16. f4 b4) 16... cxb5 17. f4 Nc6 (17... Ned7
18. e5) 18. Bxf6 Bxf6 19. Nd5 Qa7+ 20. Kh1 Bg7 (20... Bxb2 $2 21. e5 $16 (21.
c3 $5)) 21. Ng4 Bxg4 22. hxg4 a4 23. g5 $1 $14 (23. c3 $6 Ne7 24. Ne3 b4 25. g5
bxc3 $13)) 15... b5 $1 (15... Nfd7 16. Qd1 $16) 16. axb5 (16. f4 b4) 16... cxb5
17. f4 Nc6 (17... Ned7 18. e5 $16) 18. Bxf6 Bxf6 19. Nd5 Qa7+ 20. Kh2 Bg7 $1 (
20... Bxb2 $2 21. e5 $40 (21. c3 $5)) 21. c3 (21. e5 dxe5 22. Ne4 Kh8 $13)
21... Ne7 (21... Be6 $6 22. f5 Bxd5 23. exd5 Rxe2 24. Qxe2 Ne5 25. Ne4 $40) 22.
Ne3 Qc7 23. Nb3 a4 (23... b4 24. c4) 24. Nd4 Qc5 25. Ndc2 Nc6 26. Nd5 Bb7 $10 (
26... Be6 $2 27. Nc7 {/\ Na6+-}) 27. Rd1 Na5 28. Nce3 Nc4 29. Nxc4 Qxc4 30. e5
dxe5 (30... dxe5 31. fxe5 Bxd5 (31... Qc5 32. Rd4) 32. Bxd5 Qc7 33. e6 fxe6 34.
Bxe6+ Kh8 35. Rd7 Qc6 36. Qd2 h5 $10 (36... Qb6 $10)) 1/2-1/2